<?xml version="1.0" encoding="UTF-8"?>
<record
    xmlns:xsi="http://www.w3.org/2001/XMLSchema-instance"
    xsi:schemaLocation="http://www.loc.gov/MARC21/slim http://www.loc.gov/standards/marcxml/schema/MARC21slim.xsd"
    xmlns="http://www.loc.gov/MARC21/slim">

  <leader>05107cam a2200565 a 4500</leader>
  <controlfield tag="001">6156837</controlfield>
  <controlfield tag="003">OSt</controlfield>
  <controlfield tag="005">20150408114148.0</controlfield>
  <controlfield tag="008">061212s2007    nyua     b    001 0 eng  </controlfield>
  <datafield tag="016" ind1="7" ind2=" ">
    <subfield code="a">101296137</subfield>
    <subfield code="2">DNLM</subfield>
  </datafield>
  <datafield tag="020" ind1=" " ind2=" ">
    <subfield code="a">0071443134 (alk. paper)</subfield>
  </datafield>
  <datafield tag="020" ind1=" " ind2=" ">
    <subfield code="a">9780071443135 (alk. paper)</subfield>
  </datafield>
  <datafield tag="035" ind1=" " ind2=" ">
    <subfield code="a">(OCoLC)ocm76954537</subfield>
  </datafield>
  <datafield tag="035" ind1=" " ind2=" ">
    <subfield code="a">(OCoLC)76954537</subfield>
  </datafield>
  <datafield tag="035" ind1=" " ind2=" ">
    <subfield code="a">(NNC)6156837</subfield>
  </datafield>
  <datafield tag="040" ind1=" " ind2=" ">
    <subfield code="a">NLM</subfield>
    <subfield code="c">NLM</subfield>
    <subfield code="d">NEH</subfield>
    <subfield code="d">BAKER</subfield>
    <subfield code="d">YDXCP</subfield>
    <subfield code="d">CUS</subfield>
    <subfield code="d">OrLoB-B</subfield>
  </datafield>
  <datafield tag="042" ind1=" " ind2=" ">
    <subfield code="a">nlmcopyc</subfield>
  </datafield>
  <datafield tag="043" ind1=" " ind2=" ">
    <subfield code="a">n-us---</subfield>
  </datafield>
  <datafield tag="050" ind1="0" ind2="0">
    <subfield code="a">RC963</subfield>
  </datafield>
  <datafield tag="060" ind1="0" ind2="0">
    <subfield code="a">2006 O-325</subfield>
  </datafield>
  <datafield tag="060" ind1="1" ind2="0">
    <subfield code="a">WA 440</subfield>
    <subfield code="b">C976 2007</subfield>
  </datafield>
  <datafield tag="082" ind1="0" ind2="4">
    <subfield code="a">616.9803</subfield>
    <subfield code="2">22</subfield>
    <subfield code="b">CUO</subfield>
  </datafield>
  <datafield tag="084" ind1=" " ind2=" ">
    <subfield code="a">44.11</subfield>
    <subfield code="2">bcl</subfield>
  </datafield>
  <datafield tag="245" ind1="0" ind2="0">
    <subfield code="a">Current occupational &amp; environmental medicine /</subfield>
    <subfield code="c">edited by Joseph LaDou.</subfield>
  </datafield>
  <datafield tag="246" ind1="3" ind2=" ">
    <subfield code="a">Current occupational and environmental medicine</subfield>
  </datafield>
  <datafield tag="246" ind1="3" ind2="0">
    <subfield code="a">Occupational &amp; environmental medicine</subfield>
  </datafield>
  <datafield tag="250" ind1=" " ind2=" ">
    <subfield code="a">4th ed.</subfield>
  </datafield>
  <datafield tag="260" ind1=" " ind2=" ">
    <subfield code="a">New York :</subfield>
    <subfield code="b">McGraw-Hill,</subfield>
    <subfield code="c">c2007.</subfield>
  </datafield>
  <datafield tag="300" ind1=" " ind2=" ">
    <subfield code="a">xiv, 846 p. :</subfield>
    <subfield code="b">ill. ;</subfield>
    <subfield code="c">24 cm.</subfield>
  </datafield>
  <datafield tag="490" ind1="1" ind2=" ">
    <subfield code="a">Lange medical book</subfield>
  </datafield>
  <datafield tag="490" ind1="1" ind2=" ">
    <subfield code="a">Doody Core title list</subfield>
  </datafield>
  <datafield tag="500" ind1=" " ind2=" ">
    <subfield code="a">"A Lange medical book."</subfield>
  </datafield>
  <datafield tag="504" ind1=" " ind2=" ">
    <subfield code="a">Includes bibliographical references and index.</subfield>
  </datafield>
  <datafield tag="505" ind1="0" ind2="0">
    <subfield code="g">1.</subfield>
    <subfield code="t">The practice of occupational medicine /</subfield>
    <subfield code="r">Joseph LaDou -- </subfield>
    <subfield code="g">2.</subfield>
    <subfield code="t">The occupational medical history /</subfield>
    <subfield code="r">James E. Cone and Joseph LaDou -- </subfield>
    <subfield code="g">3.</subfield>
    <subfield code="t">Workers' compensation /</subfield>
    <subfield code="r">Joseph LaDou and Julietta Rodriguez-Guzman -- </subfield>
    <subfield code="g">4.</subfield>
    <subfield code="t">Disability prevention &amp; management /</subfield>
    <subfield code="r">Gideon Letz, Jennifer H. Christian and Susan N. Tierman -- </subfield>
    <subfield code="g">5.</subfield>
    <subfield code="t">Liability issues in occupational medicine /</subfield>
    <subfield code="r">Dan J. Tennenhouse -- </subfield>
    <subfield code="g">6.</subfield>
    <subfield code="t">Musculoskeletal injuries /</subfield>
    <subfield code="r">Franklin T. Hoaglund -- </subfield>
    <subfield code="g">7.</subfield>
    <subfield code="t">Peripheral nerve injuries /</subfield>
    <subfield code="r">Yuen T. So -- </subfield>
    <subfield code="g">8.</subfield>
    <subfield code="t">Eye injuries /</subfield>
    <subfield code="r">Allan J. Flach -- </subfield>
    <subfield code="g">9.</subfield>
    <subfield code="t">Facial injuries /</subfield>
    <subfield code="r">Andrew H. Murr -- </subfield>
    <subfield code="g">10.</subfield>
    <subfield code="t">Hearing loss /</subfield>
    <subfield code="r">Jacob Johnson and Scott T. Robinson -- </subfield>
    <subfield code="g">11.</subfield>
    <subfield code="t">Injuries caused by physical hazards /</subfield>
    <subfield code="r">Richard Cohen and Seichi Horie -- </subfield>
    <subfield code="g">12.</subfield>
    <subfield code="t">Ergonomics &amp; the prevention of occupational injuries /</subfield>
    <subfield code="r">David M. Rempel and Ira L. Janowitz -- </subfield>
    <subfield code="g">13.</subfield>
    <subfield code="t">Clinical toxicology /</subfield>
    <subfield code="r">Jon Rosenberg and Leslie M. Israel -- </subfield>
    <subfield code="g">14.</subfield>
    <subfield code="t">Clinical immunology /</subfield>
    <subfield code="r">Jeffrey L. Kishiyama -- </subfield>
    <subfield code="g">15.</subfield>
    <subfield code="t">Occupational hematology /</subfield>
    <subfield code="r">Willis H. Navarro and Hope S. Rugo -- </subfield>
    <subfield code="g">16.</subfield>
    <subfield code="t">Occupational cancer /</subfield>
    <subfield code="r">Hope S. Rugo -- </subfield>
    <subfield code="g">17.</subfield>
    <subfield code="t">Occupational infections /</subfield>
    <subfield code="r">Ken Takahashi and Gary R. Fujimoto -- </subfield>
    <subfield code="g">18.</subfield>
    <subfield code="t">Occupational skin disorders /</subfield>
    <subfield code="r">Mahbub M. U. Chowdhury and Howard I. Maibach -- </subfield>
    <subfield code="g">19.</subfield>
    <subfield code="t">Upper respiratory tract disorders /</subfield>
    <subfield code="r">Dennis Shusterman -- </subfield>
    <subfield code="g">20.</subfield>
    <subfield code="t">Occupational lung diseases /</subfield>
    <subfield code="r">John R. Balmes -- </subfield>
    <subfield code="g">21.</subfield>
    <subfield code="t">Cardiovascular toxicology /</subfield>
    <subfield code="r">Neal L. Benowitz -- </subfield>
    <subfield code="g">22.</subfield>
    <subfield code="t">Liver toxicology /</subfield>
    <subfield code="r">Robert J. Harrison -- </subfield>
    <subfield code="g">23.</subfield>
    <subfield code="t">Renal toxicology /</subfield>
    <subfield code="r">Rudolph A. Rodriguez and German T. Hernandez -- </subfield>
    <subfield code="g">24.</subfield>
    <subfield code="t">Neurotoxicology /</subfield>
    <subfield code="r">Yuen T. So -- </subfield>
    <subfield code="g">25.</subfield>
    <subfield code="t">Female reproductive toxicology /</subfield>
    <subfield code="r">Gayle C. Windham and Ana Maria Osorio -- </subfield>
    <subfield code="g">26.</subfield>
    <subfield code="t">Male reproductive toxicology /</subfield>
    <subfield code="r">Ana Maria Osorio and Gayle C. Windham -- </subfield>
    <subfield code="g">27.</subfield>
    <subfield code="t">Metals /</subfield>
    <subfield code="r">Richard Lewis -- </subfield>
    <subfield code="g">28.</subfield>
    <subfield code="t">Chemicals /</subfield>
    <subfield code="r">Robert J. Harrison -- </subfield>
    <subfield code="g">29.</subfield>
    <subfield code="t">Solvents /</subfield>
    <subfield code="r">Jon Rosenberg and Elizabeth A. Katz -- </subfield>
    <subfield code="g">30.</subfield>
    <subfield code="t">Gases &amp; other airborne toxicants /</subfield>
    <subfield code="r">Ware G. Kuschner and Paul D. Blanc -- </subfield>
    <subfield code="g">31.</subfield>
    <subfield code="t">Pesticides /</subfield>
    <subfield code="r">Michael A. O'Malley -- </subfield>
    <subfield code="g">32.</subfield>
    <subfield code="t">Occupational stress /</subfield>
    <subfield code="r">James P. Seward and Robert C. Larsen -- </subfield>
    <subfield code="g">33.</subfield>
    <subfield code="t">Substance abuse &amp; employee assistance programs /</subfield>
    <subfield code="r">Stephen Heidel -- </subfield>
    <subfield code="g">34.</subfield>
    <subfield code="t">Occupational safety /</subfield>
    <subfield code="r">Franklyn G. Prieskop -- </subfield>
    <subfield code="g">35.</subfield>
    <subfield code="t">Industrial (occupational) hygiene /</subfield>
    <subfield code="r">Douglas P. Fowler -- </subfield>
    <subfield code="g">36.</subfield>
    <subfield code="t">Biological monitoring /</subfield>
    <subfield code="r">Raymond K. Meister and Yuxin Zheng -- </subfield>
    <subfield code="g">37.</subfield>
    <subfield code="t">Environmental exposures &amp; controls /</subfield>
    <subfield code="r">Gina M. Solomon, Joseph LaDou and Catharina Wesseling -- </subfield>
    <subfield code="g">38.</subfield>
    <subfield code="t">Routine industrial emissions, accidental &amp; intentional releases, &amp; hazardous waste /</subfield>
    <subfield code="r">Rupali Das, Melanie A. Marty and Marilyn C. Underwood -- </subfield>
    <subfield code="g">39.</subfield>
    <subfield code="t">Outdoor air pollution /</subfield>
    <subfield code="r">John R. Balmes -- </subfield>
    <subfield code="g">40.</subfield>
    <subfield code="t">Smoking &amp; occupational health /</subfield>
    <subfield code="r">Neal L. Benowitz and Fu Hua -- </subfield>
    <subfield code="g">41.</subfield>
    <subfield code="t">Building-associated illness /</subfield>
    <subfield code="r">Michael L. Fischman -- </subfield>
    <subfield code="g">42.</subfield>
    <subfield code="t">Water pollution /</subfield>
    <subfield code="r">Daniel T. Teitelbaum and Tushar Kant Joshi -- </subfield>
    <subfield code="g">43.</subfield>
    <subfield code="t">Multiple chemical sensitivity /</subfield>
    <subfield code="r">Robert J. Harrison -- </subfield>
    <subfield code="g">44.</subfield>
    <subfield code="t">Disease surveillance systems /</subfield>
    <subfield code="r">Ana Maria Osorio and Peggy Reynolds -- </subfield>
    <subfield code="g">45.</subfield>
    <subfield code="t">Health risk assessment /</subfield>
    <subfield code="r">Michael J. DiBartolomeis -- </subfield>
    <subfield code="g">App.</subfield>
    <subfield code="t">Biostatistics &amp; epidemiology /</subfield>
    <subfield code="r">Marc B. Schenker.</subfield>
  </datafield>
  <datafield tag="650" ind1=" " ind2="0">
    <subfield code="a">Medicine, Industrial.</subfield>
    <subfield code="9">39110</subfield>
  </datafield>
  <datafield tag="650" ind1=" " ind2="0">
    <subfield code="a">Environmental health.</subfield>
    <subfield code="9">39111</subfield>
  </datafield>
  <datafield tag="650" ind1=" " ind2="0">
    <subfield code="a">Occupational diseases.</subfield>
  </datafield>
  <datafield tag="650" ind1="1" ind2="2">
    <subfield code="a">Occupational Diseases</subfield>
    <subfield code="x">prevention &amp; control</subfield>
    <subfield code="z">United States.</subfield>
    <subfield code="9">18343</subfield>
  </datafield>
  <datafield tag="650" ind1="2" ind2="2">
    <subfield code="a">Environmental Health</subfield>
    <subfield code="z">United States.</subfield>
    <subfield code="9">39112</subfield>
  </datafield>
  <datafield tag="650" ind1="2" ind2="2">
    <subfield code="a">Occupational Health</subfield>
    <subfield code="z">United States.</subfield>
    <subfield code="9">18341</subfield>
  </datafield>
  <datafield tag="650" ind1="2" ind2="2">
    <subfield code="a">Occupational Medicine</subfield>
    <subfield code="z">United States.</subfield>
    <subfield code="9">39113</subfield>
  </datafield>
  <datafield tag="700" ind1="1" ind2=" ">
    <subfield code="a">LaDou, Joseph,</subfield>
    <subfield code="d">1938-</subfield>
    <subfield code="9">39114</subfield>
  </datafield>
  <datafield tag="830" ind1=" " ind2="0">
    <subfield code="a">Lange medical book.</subfield>
    <subfield code="9">38780</subfield>
  </datafield>
  <datafield tag="830" ind1=" " ind2="0">
    <subfield code="a">Doody Core title list.</subfield>
    <subfield code="9">39115</subfield>
  </datafield>
  <datafield tag="856" ind1="4" ind2="2">
    <subfield code="3">Publisher description</subfield>
    <subfield code="u">http://www.loc.gov/catdir/description/mh051/2004561124.html</subfield>
  </datafield>
  <datafield tag="856" ind1="4" ind2="2">
    <subfield code="3">Contributor biographical information</subfield>
    <subfield code="u">http://www.loc.gov/catdir/bios/mh051/2004561124.html</subfield>
  </datafield>
  <datafield tag="856" ind1="4" ind2="1">
    <subfield code="3">Table of contents</subfield>
    <subfield code="u">http://www.loc.gov/catdir/toc/mh051/2004561124.html</subfield>
  </datafield>
  <datafield tag="900" ind1=" " ind2=" ">
    <subfield code="b">TOC</subfield>
  </datafield>
  <datafield tag="942" ind1=" " ind2=" ">
    <subfield code="2">ddc</subfield>
    <subfield code="c">BOOK</subfield>
  </datafield>
  <datafield tag="999" ind1=" " ind2=" ">
    <subfield code="c">31767</subfield>
    <subfield code="d">266267</subfield>
  </datafield>
  <datafield tag="952" ind1=" " ind2=" ">
    <subfield code="1">0</subfield>
    <subfield code="2">2013-11-02</subfield>
    <subfield code="4">0</subfield>
    <subfield code="7">0</subfield>
    <subfield code="a">616.9803 CUO</subfield>
    <subfield code="d">2013-11-02</subfield>
    <subfield code="h">CL</subfield>
    <subfield code="i">00404060</subfield>
    <subfield code="m">CL</subfield>
    <subfield code="r">2013-11-02 00:00:00</subfield>
    <subfield code="t">BOOK</subfield>
    <subfield code="w">ddc</subfield>
    <subfield code="y">0</subfield>
  </datafield>
  <datafield tag="952" ind1=" " ind2=" ">
    <subfield code="1">0</subfield>
    <subfield code="2">2013-11-02</subfield>
    <subfield code="4">0</subfield>
    <subfield code="7">0</subfield>
    <subfield code="a">616.9803 CUO</subfield>
    <subfield code="d">2013-11-02</subfield>
    <subfield code="h">CL</subfield>
    <subfield code="i">00404061</subfield>
    <subfield code="m">CL</subfield>
    <subfield code="r">2013-11-02 00:00:00</subfield>
    <subfield code="t">BOOK</subfield>
    <subfield code="w">ddc</subfield>
    <subfield code="y">0</subfield>
  </datafield>
  <datafield tag="952" ind1=" " ind2=" ">
    <subfield code="1">0</subfield>
    <subfield code="2">2013-11-02</subfield>
    <subfield code="4">0</subfield>
    <subfield code="7">0</subfield>
    <subfield code="a">616.9803 CUO</subfield>
    <subfield code="d">2013-11-02</subfield>
    <subfield code="h">CL</subfield>
    <subfield code="i">00404062</subfield>
    <subfield code="m">CL</subfield>
    <subfield code="r">2013-11-02 00:00:00</subfield>
    <subfield code="t">BOOK</subfield>
    <subfield code="w">ddc</subfield>
    <subfield code="y">0</subfield>
  </datafield>
  <datafield tag="952" ind1=" " ind2=" ">
    <subfield code="1">0</subfield>
    <subfield code="2">2013-11-02</subfield>
    <subfield code="4">0</subfield>
    <subfield code="7">0</subfield>
    <subfield code="a">616.9803 CUO</subfield>
    <subfield code="d">2013-11-02</subfield>
    <subfield code="h">SZM</subfield>
    <subfield code="i">00404063</subfield>
    <subfield code="m">SZM</subfield>
    <subfield code="r">2013-11-02 00:00:00</subfield>
    <subfield code="t">BOOK</subfield>
    <subfield code="w">ddc</subfield>
    <subfield code="y">0</subfield>
  </datafield>
  <datafield tag="952" ind1=" " ind2=" ">
    <subfield code="1">0</subfield>
    <subfield code="2">2013-11-02</subfield>
    <subfield code="4">0</subfield>
    <subfield code="7">0</subfield>
    <subfield code="a">616.9803 CUO</subfield>
    <subfield code="d">2013-11-02</subfield>
    <subfield code="h">SZM</subfield>
    <subfield code="i">00404064</subfield>
    <subfield code="m">SZM</subfield>
    <subfield code="r">2013-11-02 00:00:00</subfield>
    <subfield code="t">BOOK</subfield>
    <subfield code="w">ddc</subfield>
    <subfield code="y">0</subfield>
  </datafield>
</record>
